=LDR 00000nam 2200000 4500 =001 000549 =005 20250711122840 =035 ##$$a 0010-0725000417 =007 ta =008 250711################a##########0#ind## =020 ##$$a 978-623-118-913-4 =082 ##$$a 398.209 598 =084 ##$$a 398.209 598 HAR s =100 #$$a Tika Kid =245 1#$$a Sarang Dudu /$c Tika Kid =250 ##$$a Cetakan Pertama =260 ##$$a Rawamangun :$b Badan Pengembangan dan Pembinaan Bahasa,$c 2023 =300 ##$$a 24 hlm. : $b Ilus. ; $c 21x29,7 cm. =650 #4$$a Cerita Anak - Indonesia =650 #4$$a Kesusastraan Anak =856 ##$$a TBM AS SUHADA =990 ##$$a TBM03100310